| 000 | 00802nam a2200229 a 4500 | ||
|---|---|---|---|
| 001 | 000024576 | ||
| 005 | 20200930023240.0 | ||
| 008 | 860327s1973 mx 000 0 spa d | ||
| 040 |
_aDO-SdBNP _bspa _cBNPHU |
||
| 041 | 1 | 7 |
_aspa _hfre _2Código de idiomas MARC |
| 082 |
_ann* _bnn* |
||
| 100 | 1 |
_aDevillers, Philippe. _946696 |
|
| 240 | 1 | 0 |
_aCe que Mao a vraiment dit. _lEspañol |
| 245 | 1 | 0 |
_aLo que verdaderamente dijo Mao / _cPhilippe Devillers ; traducción de Rafael Pérez Delgado. |
| 250 | _a2a ed. | ||
| 260 |
_aMéxico, D. F. : _bAguilar, _c1973. |
||
| 300 |
_a284 p. ; _c20 cm. |
||
| 534 |
_aTítulo original : _tCe que Mao a vraiment dit |
||
| 500 | _aIncluye referencias bibliográficas y notas al pie de las páginas. | ||
| 700 | 1 |
_aPérez Delgado, Rafael, _etr. _913830 |
|
| 049 | _aBNGR | ||
| 999 |
_c24069 _d24069 |
||